<?xml version="1.0" encoding="UTF-8"?>
<record
    xmlns:xsi="http://www.w3.org/2001/XMLSchema-instance"
    xsi:schemaLocation="http://www.loc.gov/MARC21/slim http://www.loc.gov/standards/marcxml/schema/MARC21slim.xsd"
    xmlns="http://www.loc.gov/MARC21/slim">

  <leader>00334nam a22001457a 4500</leader>
  <controlfield tag="008">240312b        |||||||| |||| 00| 0 eng d</controlfield>
  <datafield tag="020" ind1=" " ind2=" ">
    <subfield code="a">9788194215080</subfield>
  </datafield>
  <datafield tag="040" ind1=" " ind2=" ">
    <subfield code="a">02</subfield>
  </datafield>
  <datafield tag="082" ind1=" " ind2=" ">
    <subfield code="a">615.7(KUM)</subfield>
  </datafield>
  <datafield tag="100" ind1=" " ind2=" ">
    <subfield code="a">KUMAR,MANISH</subfield>
  </datafield>
  <datafield tag="245" ind1=" " ind2=" ">
    <subfield code="a">COMPUTER AIDED DRUG DEVELOPMENT</subfield>
  </datafield>
  <datafield tag="260" ind1=" " ind2=" ">
    <subfield code="b">AGRIBIO VET PRESS</subfield>
  </datafield>
  <datafield tag="300" ind1=" " ind2=" ">
    <subfield code="a">250</subfield>
  </datafield>
  <datafield tag="942" ind1=" " ind2=" ">
    <subfield code="c">01</subfield>
  </datafield>
  <datafield tag="999" ind1=" " ind2=" ">
    <subfield code="c">58588</subfield>
    <subfield code="d">58588</subfield>
  </datafield>
  <datafield tag="952" ind1=" " ind2=" ">
    <subfield code="0">0</subfield>
    <subfield code="1">0</subfield>
    <subfield code="2">ddc</subfield>
    <subfield code="4">0</subfield>
    <subfield code="6">615_000000000000000_7KUM</subfield>
    <subfield code="7">0</subfield>
    <subfield code="9">528452</subfield>
    <subfield code="a">02</subfield>
    <subfield code="b">02</subfield>
    <subfield code="d">2024-03-12</subfield>
    <subfield code="e">ARISTA</subfield>
    <subfield code="g">1995.00</subfield>
    <subfield code="l">0</subfield>
    <subfield code="o">615.7(KUM)</subfield>
    <subfield code="p">02-B-14188</subfield>
    <subfield code="r">2024-03-12</subfield>
    <subfield code="w">2024-03-12</subfield>
    <subfield code="y">01</subfield>
  </datafield>
  <datafield tag="952" ind1=" " ind2=" ">
    <subfield code="0">0</subfield>
    <subfield code="1">0</subfield>
    <subfield code="2">ddc</subfield>
    <subfield code="4">0</subfield>
    <subfield code="6">615_000000000000000_7KUM</subfield>
    <subfield code="7">0</subfield>
    <subfield code="9">528453</subfield>
    <subfield code="a">02</subfield>
    <subfield code="b">02</subfield>
    <subfield code="d">2024-03-12</subfield>
    <subfield code="e">ARISTA</subfield>
    <subfield code="g">1995.00</subfield>
    <subfield code="l">0</subfield>
    <subfield code="o">615.7(KUM)</subfield>
    <subfield code="p">02-B-14189</subfield>
    <subfield code="r">2024-03-12</subfield>
    <subfield code="w">2024-03-12</subfield>
    <subfield code="y">01</subfield>
  </datafield>
  <datafield tag="952" ind1=" " ind2=" ">
    <subfield code="0">0</subfield>
    <subfield code="1">0</subfield>
    <subfield code="2">ddc</subfield>
    <subfield code="4">0</subfield>
    <subfield code="6">615_000000000000000_7KUM</subfield>
    <subfield code="7">0</subfield>
    <subfield code="9">528454</subfield>
    <subfield code="a">02</subfield>
    <subfield code="b">02</subfield>
    <subfield code="d">2024-03-12</subfield>
    <subfield code="e">ARISTA</subfield>
    <subfield code="g">1995.00</subfield>
    <subfield code="l">0</subfield>
    <subfield code="o">615.7(KUM)</subfield>
    <subfield code="p">02-B-14190</subfield>
    <subfield code="r">2024-03-12</subfield>
    <subfield code="w">2024-03-12</subfield>
    <subfield code="y">01</subfield>
  </datafield>
  <datafield tag="952" ind1=" " ind2=" ">
    <subfield code="0">0</subfield>
    <subfield code="1">0</subfield>
    <subfield code="2">ddc</subfield>
    <subfield code="4">0</subfield>
    <subfield code="6">615_000000000000000_7KUM</subfield>
    <subfield code="7">0</subfield>
    <subfield code="9">528455</subfield>
    <subfield code="a">02</subfield>
    <subfield code="b">02</subfield>
    <subfield code="d">2024-03-12</subfield>
    <subfield code="e">ARISTA</subfield>
    <subfield code="g">1995.00</subfield>
    <subfield code="l">0</subfield>
    <subfield code="o">615.7(KUM)</subfield>
    <subfield code="p">02-B-14191</subfield>
    <subfield code="r">2024-03-12</subfield>
    <subfield code="w">2024-03-12</subfield>
    <subfield code="y">01</subfield>
  </datafield>
  <datafield tag="952" ind1=" " ind2=" ">
    <subfield code="0">0</subfield>
    <subfield code="1">0</subfield>
    <subfield code="2">ddc</subfield>
    <subfield code="4">0</subfield>
    <subfield code="6">615_000000000000000_7KUM</subfield>
    <subfield code="7">0</subfield>
    <subfield code="9">528456</subfield>
    <subfield code="a">02</subfield>
    <subfield code="b">02</subfield>
    <subfield code="d">2024-03-12</subfield>
    <subfield code="e">ARISTA</subfield>
    <subfield code="g">1995.00</subfield>
    <subfield code="l">1</subfield>
    <subfield code="o">615.7(KUM)</subfield>
    <subfield code="p">02-B-14192</subfield>
    <subfield code="r">2024-09-05</subfield>
    <subfield code="s">2024-09-05</subfield>
    <subfield code="w">2024-03-12</subfield>
    <subfield code="y">01</subfield>
  </datafield>
</record>
